000 00258nam a2200109Ia 4500
008 190907s9999||||xx |||||||||||||| ||und||
100 _aCatherine Ricardo
245 0 _aDatabase Systems
260 _aNew York
_bViva Books
_c2000
300 _a576
942 _cBK
999 _c6359
_d6359